| 000 | 00649cam a2200229 i 4500 | ||
|---|---|---|---|
| 999 |
_c6099 _d6099 |
||
| 003 | OSt | ||
| 005 | 20200312045808.0 | ||
| 008 | 130426t20142014maua 001 0 eng | ||
| 020 | _a9789332549869 (alk. paper) | ||
| 040 |
_aDLC _beng _cDLC _erda _dDLC |
||
| 042 | _apcc | ||
| 082 | 0 | 0 |
_a624.17 _223 _bSCH |
| 100 | 1 |
_aSchodek, Daniel L., _d1941- |
|
| 245 | 1 | 0 | _aStructures. |
| 250 |
_a7th ed / _bDaniel L. Schodek, Martin Bechtold. |
||
| 300 |
_axiii, 549 pages : _billustrations ; _c29 cm |
||
| 500 | _aIncludes index. | ||
| 650 | 0 | _aStructural analysis (Engineering) | |
| 650 | 0 | _aStructural design. | |
| 700 | 1 | _aBechthold, Martin. | |
| 942 | _2ddc | ||